Sports Quiz

Random Sports or City Quiz

MLB Oakland Athletics 30+ Home Runs in a Season Quiz Stats

 Plays Quiz not verified by Sporcle

Challenge
Share
Tweet
Embed
Score 0/62 Timer 05:00
0 Plays Today
Season (Position) Player % Correct
2018 (Left Field)Khris Davis
100%
1986 (Left Field)Jose Canseco
96.8%
1987 (Left Field)Jose Canseco
96.8%
1988 (Right Field)Jose Canseco
96.8%
1990 (Right Field)Jose Canseco
96.8%
1991 (Right Field)Jose Canseco
96.8%
1987 (First Base)Mark McGwire
96.6%
1988 (First Base)Mark McGwire
96.6%
1989 (First Base)Mark McGwire
96.6%
1990 (First Base)Mark McGwire
96.6%
1992 (First Base)Mark McGwire
96.6%
1995 (First Base)Mark McGwire
96.6%
1996 (First Base)Mark McGwire
96.6%
1997 (First Base)Mark McGwire
96.6%
1969 (Right Field)Reggie Jackson
95.7%
1971 (Right Field)Reggie Jackson
95.7%
1973 (Right Field)Reggie Jackson
95.7%
1975 (Right Field)Reggie Jackson
95.7%
2000 (Shortstop)Miguel Tejada
93.4%
2001 (Shortstop)Miguel Tejada
93.4%
2002 (Shortstop)Miguel Tejada
93.4%
1999 (First Base)Jason Giambi
93.2%
2000 (First Base)Jason Giambi
93.2%
2001 (First Base)Jason Giambi
93.2%
1929 (First Base)Jimmie Foxx
92.5%
1930 (First Base)Jimmie Foxx
92.5%
1931 (First Base)Jimmie Foxx
92.5%
1932 (First Base)Jimmie Foxx
92.5%
1933 (First Base)Jimmie Foxx
92.5%
1934 (First Base)Jimmie Foxx
92.5%
1935 (First Base)Jimmie Foxx
92.5%
Season (Position) Player % Correct
2017 (Left Field)Khris Davis
89.8%
2001 (Third Base)Eric Chavez
84.6%
2002 (Third Base)Eric Chavez
84.6%
2016 (Left Field)Khris Davis
74.8%
1996 (Catcher)Terry Steinbach
73.6%
1969 (Third Base)Sal Bando
67.4%
2006 (DH)Frank Thomas
62.9%
1984 (DH)Dave Kingman
61.8%
1985 (DH)Dave Kingman
61.8%
1986 (DH)Dave Kingman
61.8%
1929 (Left Field)Al Simmons
60.3%
1930 (Left Field)Al Simmons
60.3%
1932 (Left Field)Al Simmons
60.3%
1980 (Right Field)Tony Armas
57.8%
2012 (Right Field)Josh Reddick
53.3%
1999 (Right Field)Matt Stairs
51%
1934 (Left Field)Bob Johnson
50.5%
1938 (Center Field)Bob Johnson
50.5%
1940 (Left Field)Bob Johnson
50.5%
1984 (Center Field)Dwayne Murphy
48%
1999 (DH)John Jaha
40.1%
2013 (First Base)Brandon Moss
39%
1996 (DH)Geronimo Berroa
38.6%
2008 (Left Field)Jack Cust
38%
1951 (Left Field)Gus Zernial
36.2%
1953 (Left Field)Gus Zernial
36.2%
1955 (Left Field)Gus Zernial
36.2%
2006 (First Base)Nick Swisher
31.1%
1964 (Right Field)Rocky Colavito
26.9%
1958 (Left Field)Bob Cerv
23.9%
1922 (Left Field)Tillie Walker
22.4%

You're not logged in!

Compare scores with friends on all Sporcle quizzes.
OR
Log In

You Might Also Like...

Show Comments

Extras

Top Quizzes Today


Score Distribution

Your Account Isn't Verified!

In order to create a playlist on Sporcle, you need to verify the email address you used during registration. Go to your Sporcle Settings to finish the process.

Report this User

Report this user for behavior that violates our Community Guidelines.

Details: